Nowe książki o Warmii i Mazurach
| Titel: | Nowe książki o Warmii i Mazurach |
|---|---|
| Verfasser: | |
| In: |
Bibliotekarz Olsztyński, Heft 1-4 (1998), Seite 66-75;121-135 alle Artikel anzeigen |
| Veröffentlicht: | 1998 |
| Format: | Aufsatz |
| Sprache: | Polnisch |
X
alg: 39350074 001A $01999:12-11-16 001B $01999:28-04-17 $t15:56:14.000 001D $01999:12-11-16 001U $0utf8 001X $00 002@ $0Aox 003@ $0393500748 007A $0393500748 $aHEB 007T $0Herdt10712 010@ $apol 011@ $a1998 021A $aNowe książki o Warmii i Mazurach 027A $aNeue Bücher über Ermland und Masuren 028A $aWasilewska $dBożena 031A $e1-4 $h66-75;121-135 $j1998 039B $aIn $8--Abvc--. Bibliotekarz Olsztyński. - Olsztyn : Woj. Bibl. Publ., 1983-1998. - ISSN 1426-4218 $x199800000000001934 $9287103307 046C $aNeue Bücher über Ermland und Masuren $bÜbers. des Hauptsacht. lok: 39350074 78 exp: 39350074 78 1 #EPN 201B/01 $010-09-18 $t22:47:46.000 201U/01 $0utf8 203@/01 $078961118X 208@/01 $a12-11-16 $be 209A/01 $a/ $f000 $x00 220C/01 $aTitelaufnehmer: uz 244Z/01 $2Trx $#Prusy Wschodnie i Zachodnie $8--Trx--Ost- und Westpreußen $x01 $939113373X 244Z/01 $#Warmia $#Warmien $#Ermeland $#Varmė $#Wārmi $74015327-7 $8--Tg1--Ermland $x02 $9085034932 244Z/01 $#Mazury $74037914-0 $8--Tg1--Masuren $x03 $9085103527 244Z/01 $2Trx $#bibliograafiad üldine $#bibliografijos bendras $#Bibliographies in general $#szakirodalmak általános $#bibliografie ogólnie $#bibliografie všeobecne $#bibliografie všeobecně $8--Trx--Bibliographien$gallgemein $x04 $939137379X 244Z/01 $2Trx $8--Trx--Zeitschriftenaufsatz $x05 $9391384341 245Z/01 $a01.01 $x01 247C/01 $82080>Marburg/Lahn, Herder-Institut, Forschungsbibliothek, Bibliographieportal $9336309341
| LEADER | 00000caa a22000002c 4500 | ||
|---|---|---|---|
| 001 | 393500748 | ||
| 003 | DE-603 | ||
| 005 | 20170428155614.0 | ||
| 007 | tu | ||
| 008 | 161112s1998 xx |||| | u00||u|pol c | ||
| 035 | |a (DE-599)HEB393500748 | ||
| 040 | |a DE-603 |b ger |c DE-603 |d DE-603 | ||
| 041 | |a pol | ||
| 100 | 1 | |a Wasilewska, Bożena | |
| 245 | 0 | 0 | |a Nowe książki o Warmii i Mazurach |
| 246 | 1 | |i Übers. des Hauptsacht. |a Neue Bücher über Ermland und Masuren | |
| 246 | 1 | 3 | |a Neue Bücher über Ermland und Masuren |
| 264 | 0 | |c 1998 | |
| 773 | 0 | 8 | |i In |t Bibliotekarz Olsztyński |d Olsztyn : Woj. Bibl. Publ., 1983-1998 |x 1426-4218 |g Heft 1-4 (1998), Seite 66-75;121-135 |w (DE-603)287103307 |w (DE-600)2645626-6 |
| 924 | 0 | |9 2080 |a (DE-603)78961118X |b DE-2080 |c HES |d d |g / | |


